Countries Without the Letter "E" in them - Statistics

General Stats
  • This quiz has been taken 16 times
  • The average score is 84 of 107
Answers on the Map
Answers color-coded by a green-red scale on the quiz's map according to % correct below.
 
Answer Stats
Answer % Correct
Brazil
100%
Canada
100%
China
100%
Japan
100%
Mali
100%
Russia
100%
Spain
100%
Australia
93%
Chad
93%
Colombia
93%
Cuba
93%
Gambia
93%
Italy
93%
Madagascar
93%
Malawi
93%
Morocco
93%
Norway
93%
Oman
93%
Portugal
93%
Somalia
93%
Sudan
93%
Syria
93%
Albania
86%
Angola
86%
Bahrain
86%
Croatia
86%
Fiji
86%
Gabon
86%
Guyana
86%
Haiti
86%
Iran
86%
Iraq
86%
Kazakhstan
86%
Laos
86%
Latvia
86%
Libya
86%
Pakistan
86%
Panama
86%
Paraguay
86%
Poland
86%
Qatar
86%
Romania
86%
Rwanda
86%
South Africa
86%
Togo
86%
Tunisia
86%
Uruguay
86%
Afghanistan
79%
Austria
79%
Bhutan
79%
Bolivia
79%
Cambodia
79%
Comoros
79%
Finland
79%
Honduras
79%
India
79%
Jamaica
79%
Kuwait
79%
Lithuania
79%
Mauritius
79%
Palau
79%
Saudi Arabia
79%
South Sudan
79%
Tajikistan
79%
Tanzania
79%
Thailand
79%
Uganda
79%
Zambia
79%
Andorra
71%
Botswana
71%
Bulgaria
71%
Cyprus
71%
Dominica
71%
Ghana
71%
Jordan
71%
Kiribati
71%
Malaysia
71%
Malta
71%
Myanmar
71%
Namibia
71%
Republic of The Congo
71%
San Marino
71%
Sri Lanka
71%
Tonga
71%
Trinidad and Tobago
71%
Barbados
64%
Burundi
64%
Costa Rica
64%
Hungary
64%
Kyrgyzstan
64%
Moldova
64%
Nicaragua
64%
Samoa
64%
Slovakia
64%
Vanuatu
64%
Antigua and Barbuda
57%
Burkina Faso
57%
Djibouti
57%
Marshall Islands
57%
Mauritania
57%
Monaco
57%
Mongolia
57%
Nauru
57%
Saint Lucia
57%
Solomon Islands
50%
Ivory Coast
43%
Tuvalu
43%
No matching quizzes found
Score Distribution
Percent of People with Each Score
Percentile by Number Answered
Your Score History
You have not taken this quiz